[Event "DEN-ch G7 Gr1"]
[Site "Svendborg"]
[Date "2023.04.05"]
[Round "6"]
[White "Nielsen, Thomas"]
[Black "Rasmussen, Johnny Koust"]
[Result "1/2-1/2"]
[WhiteElo "1973"]
[BlackElo "1824"]
[PlyCount "72"]
[EventDate "2023.04.05"]
[EventType "swiss"]
[EventRounds "7"]
[EventCountry "DEN"]
[SourceTitle "CBM 213 Extra"]
[Source "ChessBase"]
[SourceDate "2023.05.31"]
[SourceVersion "1"]
[SourceVersionDate "2023.05.31"]
[SourceQuality "1"]

1. d4 Nf6 2. c4 e6 3. Nf3 b6 4. g3 Bb7 5. Bg2 Bb4+ 6. Nbd2 0-0 7. 0-0 d5 8. a3 Be7 9. cxd5 exd5 10. b4 Nbd7 11. Nb3 Ne4 12. Be3 Ng5 13. Nxg5 Bxg5 14. Bxg5 Qxg5 15. Rc1 Rac8 16. Qd3 Rfe8 17. e3 Qh6 18. Rfe1 Nf6 19. Nd2 Re7 20. Rc2 Rce8 21. Rec1 c6 22. b5 cxb5 23. Qxb5 Ng4 24. h3 Nxf2 25. Kxf2 Qxe3+ 26. Kf1 Qxa3 27. Qb3 Qd6 28. Kg1 Re3 29. Rc3 Qxg3 30. Nf1 Rxc3 31. Rxc3 Qf4 32. Qa4 Re2 33. Rf3 Qg5 34. Rg3 Qf4 35. Rf3 Qg5 36. Rg3 Qf4 1/2-1/2

[Event "DEN-ch G7 Gr1"]
[Site "Svendborg"]
[Date "2023.04.05"]
[Round "1"]
[White "Rossen, Claus"]
[Black "Nielsen, Thomas"]
[Result "1-0"]
[WhiteElo "2097"]
[BlackElo "1973"]
[PlyCount "59"]
[EventDate "2023.04.05"]
[EventType "swiss"]
[EventRounds "7"]
[EventCountry "DEN"]
[SourceTitle "CBM 213 Extra"]
[Source "ChessBase"]
[SourceDate "2023.05.31"]
[SourceVersion "1"]
[SourceVersionDate "2023.05.31"]
[SourceQuality "1"]

1. e4 c6 2. Nf3 d5 3. exd5 cxd5 4. Ne5 Nc6 5. d4 a6 6. c3 Nf6 7. Bd3 e6 8. 0-0 Bd6 9. Qe2 Qc7 10. Re1 h5 11. h3 b5 12. a3 Bb7 13. Nd2 Bxe5 14. dxe5 Nd7 15. Nf3 0-0-0 16. a4 bxa4 17. Bxa6 Nc5 18. Bxb7+ Qxb7 19. Be3 Nb3 20. Rxa4 Kd7 21. Ra6 Rb8 22. Rb6 Qa8 23. Ra6 Qb7 24. Ng5 f6 25. exf6 gxf6 26. Nxe6 Rhe8 27. Bf4 Ne5 28. Bxe5 fxe5 29. Qxe5 Qxa6 30. Qc7# 1-0

[Event "Odense-ch"]
[Site "Odense"]
[Date "2022.10.14"]
[Round "4"]
[White "Hansson, Hakan"]
[Black "Nielsen, Thomas"]
[Result "1-0"]
[WhiteElo "1983"]
[BlackElo "1962"]
[PlyCount "45"]
[EventDate "2022.10.14"]
[EventType "swiss"]
[EventRounds "5"]
[EventCountry "DEN"]
[SourceTitle "CBM 210 Extra"]
[Source "ChessBase"]
[SourceDate "2022.11.30"]
[SourceVersion "1"]
[SourceVersionDate "2022.11.30"]
[SourceQuality "1"]

1. d4 Nf6 2. Nf3 d5 3. c4 e6 4. e3 Bb4+ 5. Bd2 Bxd2+ 6. Qxd2 Ne4 7. Qc2 0-0 8. Bd3 f5 9. 0-0 Nd7 10. Nc3 Ndf6 11. Ne5 c6 12. Rad1 Qe8 13. f3 Nd6 14. c5 Nf7 15. Nxf7 Rxf7 16. e4 fxe4 17. fxe4 e5 18. exd5 exd4 19. Ne4 Nxd5 20. Nd6 Qe3+ 21. Kh1 Rxf1+ 22. Rxf1 Qh6 23. Bxh7+ 1-0

[Event "DEN-ch G7 Gr-1"]
[Site "Svendborg"]
[Date "2022.04.16"]
[Round "5"]
[White "Christensen, John Christoffer H"]
[Black "Nielsen, Thomas"]
[Result "1/2-1/2"]
[WhiteElo "1837"]
[BlackElo "1924"]
[PlyCount "47"]
[EventDate "2022.04.12"]
[EventType "swiss"]
[EventRounds "7"]
[EventCountry "DEN"]
[SourceTitle "EXT 2024"]
[Source "ChessBase"]
[SourceDate "2023.10.10"]
[SourceVersion "1"]
[SourceVersionDate "2023.10.10"]
[SourceQuality "1"]

1. e4 c6 2. d4 d5 3. Nc3 dxe4 4. Nxe4 Nf6 5. Nxf6+ exf6 6. Be3 Bd6 7. Qd2 0-0 8. 0-0-0 Re8 9. Kb1 Be6 10. Bd3 Nd7 11. Ne2 Nf8 12. h3 a5 13. Nf4 a4 14. Rhg1 b5 15. c3 Bc4 16. g4 Qb8 17. a3 Ne6 18. Nxe6 Bxe6 19. g5 f5 20. f4 g6 21. h4 Qd8 22. Rg3 Bf8 23. Qg2 Bd5 24. Qf2 1/2-1/2

[Event "EU-ch 21st"]
[Site "Reykjavik"]
[Date "2021.09.01"]
[Round "7"]
[White "Ragnarsson, Heimir Pall"]
[Black "Nielsen, Thomas"]
[Result "0-1"]
[WhiteElo "1619"]
[BlackElo "1953"]
[PlyCount "163"]
[EventDate "2021.08.26"]
[EventType "swiss"]
[EventRounds "11"]
[EventCountry "ISL"]
[SourceTitle "CBM 204"]
[Source "ChessBase"]
[SourceDate "2021.10.31"]
[SourceVersion "1"]
[SourceVersionDate "2021.10.31"]
[SourceQuality "1"]

1. c4 e5 2. g3 f5 3. Bg2 Nf6 4. d3 Nc6 5. a3 a5 6. Nc3 Be7 7. Bd2 0-0 8. Nf3 Kh8 9. Nd5 d6 10. b4 Bd7 11. b5 Nb8 12. a4 c6 13. Nxe7 Qxe7 14. Bc3 e4 15. Nd4 c5 16. Nb3 b6 17. Qc2 Bc8 18. 0-0-0 Bb7 19. Rhe1 Ng4 20. e3 Nxf2 21. Qxf2 Nd7 22. d4 Nf6 23. Qxf5 Nd5 24. Qxe4 Qxe4 25. Bxe4 Nxc3 26. Bxb7 Rab8 27. Rd3 Na2+ 28. Kb2 Nb4 29. Rd2 Rxb7 30. dxc5 dxc5 31. Rd6 Rf2+ 32. Nd2 Kg8 33. e4 Rxh2 34. Rf1 h6 35. e5 Re2 36. e6 Re7 37. Rxb6 Rxd2+ 38. Kc3 Rc2+ 39. Kb3 Re2 40. Rf5 R7xe6 41. Rxe6 Rxe6 42. Kc3 Re3+ 43. Kd2 Rd3+ 44. Ke2 Rxg3 45. Rxc5 Rg6 46. Rc8+ Kf7 47. c5 Re6+ 48. Kf3 Re8 49. Rc7+ Re7 50. Rc8 Ke6 51. Ra8 Kd5 52. c6 Nxc6 53. bxc6 Kxc6 54. Rxa5 Kb6 55. Ra8 Ra7 56. Re8 Ka5 57. Re4 Rf7+ 58. Kg4 Rf1 59. Kh5 Rg1 60. Rd4 Rg5+ 61. Kh4 g6 62. Re4 Rg1 63. Rc4 g5+ 64. Kh5 Rh1+ 65. Kg6 Rh4 66. Rc8 Kxa4 67. Kf5 Kb4 68. Ra8 Rh1 69. Ra6 Kc3 70. Kg4 Rh4+ 71. Kg3 Kb4 72. Rc6 Kb5 73. Rc8 Rc4 74. Rh8 Rc6 75. Kg4 Kc5 76. Ra8 Kd5 77. Kh5 Ke5 78. Ra5+ Kd4 79. Ra4+ Kd3 80. Ra3+ Kc2 81. Ra2+ Kb3 82. Ra8 0-1

[Event "EU-ch 21st"]
[Site "Reykjavik"]
[Date "2021.08.29"]
[Round "4"]
[White "Humburg, Philipp"]
[Black "Nielsen, Thomas"]
[Result "1-0"]
[WhiteElo "2245"]
[BlackElo "1953"]
[PlyCount "75"]
[EventDate "2021.08.26"]
[EventType "swiss"]
[EventRounds "11"]
[EventCountry "ISL"]
[SourceTitle "CBM 204"]
[Source "ChessBase"]
[SourceDate "2021.10.31"]
[SourceVersion "1"]
[SourceVersionDate "2021.10.31"]
[SourceQuality "1"]

1. e4 c6 2. d4 d5 3. e5 Bf5 4. h4 h6 5. h5 e6 6. Bd3 Bxd3 7. Qxd3 Qa5+ 8. Nd2 Qa6 9. c4 Ne7 10. b3 Nd7 11. Rh3 c5 12. Ne2 Nc6 13. f4 Nb4 14. Qb1 cxd4 15. Nxd4 Qb6 16. Bb2 Bc5 17. Ne2 Bf2+ 18. Kf1 Be3 19. Bc3 d4 20. Bxb4 Qxb4 21. Ne4 Ke7 22. Rg3 Rhg8 23. a3 Qb6 24. Nd6 Raf8 25. Qh7 Rh8 26. Qc2 Rhg8 27. Qh7 Rh8 28. Qxg7 d3 29. Qg4 dxe2+ 30. Kxe2 Bxf4 31. Qxf4 Nxe5 32. Rd1 f6 33. Rg7+ Nf7 34. Qg3 Qc5 35. Nxf7 Qxh5+ 36. Ke1 Rxf7 37. Qc7+ Ke8 38. Qd8# 1-0

[Event "EU-ch 21st"]
[Site "Reykjavik"]
[Date "2021.08.28"]
[Round "3"]
[White "Nielsen, Thomas"]
[Black "Omarsson, Adam"]
[Result "1-0"]
[WhiteElo "1953"]
[BlackElo "1546"]
[PlyCount "75"]
[EventDate "2021.08.26"]
[EventType "swiss"]
[EventRounds "11"]
[EventCountry "ISL"]
[SourceTitle "CBM 204"]
[Source "ChessBase"]
[SourceDate "2021.10.31"]
[SourceVersion "1"]
[SourceVersionDate "2021.10.31"]
[SourceQuality "1"]

1. d4 Nf6 2. c4 g6 3. Nc3 Bg7 4. e4 d6 5. Be2 0-0 6. Be3 c5 7. e5 dxe5 8. dxe5 Qxd1+ 9. Rxd1 Ng4 10. Bxc5 Nxe5 11. Nd5 Nbc6 12. f4 Nd7 13. Bxe7 Re8 14. Ba3 Re4 15. Nf3 Nb6 16. Nd2 Re8 17. Nc7 Bg4 18. Nxe8 Rxe8 19. Nf3 Nd4 20. Nxd4 Bxe2 21. Nxe2 Nxc4 22. Kf2 b5 23. Bc5 Nxb2 24. Rd7 a6 25. Rc1 Bf6 26. Kf3 Nc4 27. Rcd1 g5 28. g3 g4+ 29. Kf2 h5 30. Ra7 Rc8 31. Bd4 Bd8 32. Rxa6 h4 33. Rh6 hxg3+ 34. hxg3 Kf8 35. Rh8+ Ke7 36. Bf6+ Kxf6 37. Rhxd8 Rc6 38. Ra8 1-0

[Event "Copenhagen Challenge"]
[Site "Ballerup"]
[Date "2019.05.19"]
[Round "8"]
[White "Nielsen, Thomas"]
[Black "Haubro, Sigfred"]
[Result "1/2-1/2"]
[WhiteElo "1933"]
[BlackElo "2109"]
[PlyCount "60"]
[EventDate "2019.05.15"]
[EventType "swiss"]
[EventRounds "9"]
[EventCountry "DEN"]
[SourceTitle "CBM 190 Extra"]
[Source "ChessBase"]
[SourceDate "2019.07.15"]
[SourceVersion "1"]
[SourceVersionDate "2019.07.15"]
[SourceQuality "1"]

1. d4 f5 2. c4 Nf6 3. Nc3 e6 4. Nf3 Be7 5. Qc2 0-0 6. h3 d6 7. Bf4 Nc6 8. e3 Kh8 9. a3 a6 10. g4 Bd7 11. Bd3 b5 12. cxb5 axb5 13. Bxb5 Nb4 14. Qb1 Bxb5 15. Nxb5 Nbd5 16. Nc3 Nxc3 17. bxc3 Qd7 18. Qd3 Qc6 19. Ke2 Nd5 20. c4 Nxf4+ 21. exf4 Qe4+ 22. Qxe4 fxe4 23. Ng5 Rf6 24. Nxe4 Rxf4 25. f3 d5 26. cxd5 exd5 27. Ke3 Raf8 28. Nd2 c5 29. dxc5 Bxc5+ 30. Kd3 Ra4 1/2-1/2

[Event "Copenhagen Challenge"]
[Site "Ballerup"]
[Date "2019.05.18"]
[Round "7"]
[White "Lilja, Richard"]
[Black "Nielsen, Thomas"]
[Result "1-0"]
[WhiteElo "2103"]
[BlackElo "1933"]
[PlyCount "93"]
[EventDate "2019.05.15"]
[EventType "swiss"]
[EventRounds "9"]
[EventCountry "DEN"]
[SourceTitle "CBM 190 Extra"]
[Source "ChessBase"]
[SourceDate "2019.07.15"]
[SourceVersion "1"]
[SourceVersionDate "2019.07.15"]
[SourceQuality "1"]

1. e4 c5 2. d4 cxd4 3. c3 dxc3 4. Nxc3 e6 5. Nf3 d6 6. Bc4 a6 7. 0-0 b5 8. Bb3 Nc6 9. Qe2 Ra7 10. Rd1 Rd7 11. Bf4 Na5 12. Bc2 Ne7 13. e5 d5 14. h4 Nec6 15. Rac1 Nc4 16. Bb1 Bb7 17. Ng5 g6 18. h5 Be7 19. Nxh7 Rxh7 20. hxg6 Rh8 21. gxf7+ Kxf7 22. Rd3 Bg5 23. Qf3 Kg8 24. Qg4 N4xe5 25. Qxe6+ Nf7 26. Bxg5 Rd6 27. Qxf7+ Kxf7 28. Bxd8 Nxd8 29. Ne4 Rdh6 30. Ng3 Ne6 31. Rf3+ Ke8 32. Re3 d4 33. Re5 Kd8 34. Rd1 Kc7 35. Be4 Bxe4 36. Rxe4 Kc6 37. Rde1 Kd7 38. f3 d3 39. b4 Rg8 40. Nf5 Rf6 41. Nh4 Nf4 42. Rd4+ Kc6 43. Kf2 Rh8 44. g3 Nh3+ 45. Kg2 Ng5 46. Rxd3 Ne6 47. Re4 1-0

[Event "Copenhagen Challenge"]
[Site "Ballerup"]
[Date "2019.05.18"]
[Round "6"]
[White "Nielsen, Thomas"]
[Black "Saltvedt, Martin"]
[Result "1/2-1/2"]
[WhiteElo "1933"]
[BlackElo "2018"]
[PlyCount "84"]
[EventDate "2019.05.15"]
[EventType "swiss"]
[EventRounds "9"]
[EventCountry "DEN"]
[SourceTitle "CBM 190 Extra"]
[Source "ChessBase"]
[SourceDate "2019.07.15"]
[SourceVersion "1"]
[SourceVersionDate "2019.07.15"]
[SourceQuality "1"]

1. d4 Nf6 2. c4 e6 3. Nf3 d5 4. Nc3 Be7 5. Bf4 a6 6. e3 0-0 7. a3 Re8 8. Qc2 dxc4 9. Bxc4 b5 10. Be2 Bb7 11. 0-0 Nh5 12. Bg3 Nxg3 13. hxg3 Nd7 14. Rad1 Nf6 15. Ne5 Bd6 16. Nd3 Qe7 17. b4 e5 18. Nc5 Bxc5 19. dxc5 Rad8 20. Rxd8 Rxd8 21. Rd1 g6 22. Rxd8+ Qxd8 23. Qd3 Qxd3 24. Bxd3 Nd5 25. Nxd5 Bxd5 26. f3 f6 27. Kf2 Kf7 28. Ke2 f5 29. e4 fxe4 30. fxe4 Be6 31. Ke3 Kf6 32. Bc2 c6 33. a4 Kg5 34. axb5 axb5 35. Bd1 h5 36. Bf3 Bg4 37. Kf2 h4 38. gxh4+ Kxh4 39. g3+ Kh3 40. Bg2+ Kh2 41. Bf1 Bd1 42. Bd3 Bg4 1/2-1/2

[Event "Copenhagen Challenge"]
[Site "Ballerup"]
[Date "2019.05.16"]
[Round "3"]
[White "Laustsen, Lars"]
[Black "Nielsen, Thomas"]
[Result "1-0"]
[WhiteElo "2140"]
[BlackElo "1933"]
[PlyCount "27"]
[EventDate "2019.05.15"]
[EventType "swiss"]
[EventRounds "9"]
[EventCountry "DEN"]
[SourceTitle "CBM 190 Extra"]
[Source "ChessBase"]
[SourceDate "2019.07.15"]
[SourceVersion "1"]
[SourceVersionDate "2019.07.15"]
[SourceQuality "1"]

1. d4 d5 2. c4 e6 3. Nf3 c5 4. cxd5 exd5 5. g3 Nc6 6. Bg2 Nf6 7. 0-0 Be7 8. dxc5 Bxc5 9. Qc2 Be7 10. Rd1 0-0 11. Nc3 Be6 12. Ng5 h6 13. Nxd5 Nxd5 14. Qh7# 1-0

[Event "DEN-ch G7-1"]
[Site "Svendborg"]
[Date "2019.04.19"]
[Round "4"]
[White "Jepsen, Thomas Tange"]
[Black "Nielsen, Thomas"]
[Result "1/2-1/2"]
[WhiteElo "2115"]
[BlackElo "1945"]
[PlyCount "56"]
[EventDate "2019.04.16"]
[EventType "swiss"]
[EventRounds "7"]
[EventCountry "DEN"]
[SourceTitle "EXT 2020"]
[Source "ChessBase"]
[SourceDate "2019.10.17"]
[SourceVersion "1"]
[SourceVersionDate "2019.10.17"]
[SourceQuality "1"]

1. d4 d5 2. c4 e6 3. Nc3 c5 4. cxd5 exd5 5. Nf3 Nc6 6. g3 Nf6 7. Bg2 Be7 8. 0-0 0-0 9. dxc5 Bxc5 10. Bg5 Be6 11. Rc1 Be7 12. Nd4 h6 13. Bf4 Qd7 14. Nxc6 bxc6 15. Na4 Rac8 16. Nc5 Bxc5 17. Rxc5 Bh3 18. Qa4 Rfe8 19. Re1 Bxg2 20. Kxg2 Re4 21. Qc2 Rxf4 22. gxf4 Qg4+ 23. Kh1 Ne4 24. e3 Qf3+ 25. Kg1 Qg4+ 26. Kh1 Qf3+ 27. Kg1 Qg4+ 28. Kh1 Qf3+ 1/2-1/2

[Event "DEN-ch G7-1"]
[Site "Svendborg"]
[Date "2019.04.18"]
[Round "3"]
[White "Jensen, Morten Frank"]
[Black "Nielsen, Thomas"]
[Result "1-0"]
[WhiteElo "2024"]
[BlackElo "1945"]
[PlyCount "61"]
[EventDate "2019.04.16"]
[EventType "swiss"]
[EventRounds "7"]
[EventCountry "DEN"]
[SourceTitle "EXT 2020"]
[Source "ChessBase"]
[SourceDate "2019.10.17"]
[SourceVersion "1"]
[SourceVersionDate "2019.10.17"]
[SourceQuality "1"]

1. d4 d5 2. Nc3 c6 3. Bf4 Bf5 4. f3 e6 5. g4 Bg6 6. e3 Bb4 7. Nge2 Nd7 8. a3 Ba5 9. Qd2 h5 10. g5 Ne7 11. h4 Rc8 12. b4 Bc7 13. Kf2 Nb6 14. Bxc7 Qxc7 15. Nf4 Nf5 16. Bd3 Nc4 17. Bxc4 dxc4 18. e4 Ne7 19. Nce2 e5 20. dxe5 Qxe5 21. Rad1 0-0 22. Qd6 Qxd6 23. Rxd6 Rfd8 24. Rhd1 Rxd6 25. Rxd6 Rc7 26. Ng3 Kh7 27. Ngxh5 f5 28. Nxg6 Nxg6 29. exf5 Nxh4 30. Ng3 Re7 31. Rd4 1-0

[Event "DEN-ch G7-1"]
[Site "Svendborg"]
[Date "2019.04.17"]
[Round "2"]
[White "Nielsen, Thomas"]
[Black "Steenstrup, Svend"]
[Result "1/2-1/2"]
[WhiteElo "1945"]
[BlackElo "1964"]
[PlyCount "30"]
[EventDate "2019.04.16"]
[EventType "swiss"]
[EventRounds "7"]
[EventCountry "DEN"]
[SourceTitle "EXT 2020"]
[Source "ChessBase"]
[SourceDate "2019.10.17"]
[SourceVersion "1"]
[SourceVersionDate "2019.10.17"]
[SourceQuality "1"]

1. d4 Nf6 2. c4 g6 3. Nc3 d5 4. cxd5 Nxd5 5. e4 Nxc3 6. bxc3 Bg7 7. Bc4 c5 8. Ne2 Nc6 9. Be3 0-0 10. 0-0 Bd7 11. Rb1 b6 12. Qd2 Qc7 13. Rbc1 Rad8 14. Bh6 Na5 15. Bd3 e5 1/2-1/2

[Event "DEN-ch G7-1"]
[Site "Svendborg"]
[Date "2019.04.16"]
[Round "1"]
[White "Nielsen, Thomas"]
[Black "Ramkilde, Mikael"]
[Result "1-0"]
[WhiteElo "1945"]
[BlackElo "1949"]
[PlyCount "121"]
[EventDate "2019.04.16"]
[EventType "swiss"]
[EventRounds "7"]
[EventCountry "DEN"]
[SourceTitle "EXT 2020"]
[Source "ChessBase"]
[SourceDate "2019.10.17"]
[SourceVersion "1"]
[SourceVersionDate "2019.10.17"]
[SourceQuality "1"]

1. d4 Nf6 2. c4 e6 3. Nf3 Bb4+ 4. Nbd2 0-0 5. a3 Be7 6. e4 d6 7. Be2 Nbd7 8. 0-0 e5 9. d5 Nc5 10. Qc2 a5 11. h3 a4 12. Ne1 g5 13. g4 Kh8 14. Ng2 Rg8 15. Ne3 Ra6 16. Rb1 Qf8 17. Kg2 Rb6 18. Rh1 Bd8 19. f3 Qe8 20. Ndf1 Nb3 21. Nf5 Bxf5 22. exf5 Nxc1 23. Qxc1 Rb3 24. Bd1 e4 25. Bxb3 exf3+ 26. Kg1 f2+ 27. Kxf2 Ne4+ 28. Kg2 axb3 29. Qe3 Bf6 30. Re1 Bxb2 31. Qxe4 Qxe4+ 32. Rxe4 Bc1 33. Nd2 Bxd2 34. Rb1 Ba5 35. Rxb3 Bb6 36. Re7 Kg7 37. a4 Ra8 38. Ra3 Kf6 39. Re2 Bc5 40. Raa2 b6 41. Kf3 Bd4 42. Re1 Be5 43. Rh1 Ra5 44. h4 h6 45. hxg5+ hxg5 46. Ke4 Rc5 47. Kd3 Ke7 48. Rh5 Kf6 49. Rh6+ Kg7 50. Rh5 Kf6 51. Rh8 Ke7 52. Ra8 Kd7 53. Re2 c6 54. Ra7+ Ke8 55. dxc6 Rxc6 56. Re1 Kf8 57. Rb1 Bg3 58. Rb2 Be5 59. Rb5 Bh2 60. f6 Ke8 61. Rxg5 1-0

[Event "Bronshoj SenSommer"]
[Site "Copenhagen"]
[Date "2018.09.20"]
[Round "5"]
[White "Nicolaisen, Jeppe"]
[Black "Nielsen, Thomas"]
[Result "1-0"]
[WhiteElo "2060"]
[BlackElo "1969"]
[PlyCount "124"]
[EventDate "2018.08.16"]
[EventType "tourn"]
[EventRounds "7"]
[EventCountry "DEN"]
[SourceTitle "EXT 2020"]
[Source "ChessBase"]
[SourceDate "2019.10.17"]
[SourceVersion "1"]
[SourceVersionDate "2019.10.17"]
[SourceQuality "1"]

1. e4 c6 2. Nc3 d5 3. Nf3 Bg4 4. h3 Bxf3 5. Qxf3 e6 6. Be2 Bc5 7. 0-0 Nd7 8. Na4 Bd6 9. d4 dxe4 10. Qxe4 Ngf6 11. Qh4 Qa5 12. Nc3 h6 13. Ne4 Bc7 14. Bd2 Qd5 15. Nc3 Qd6 16. g3 0-0-0 17. d5 g5 18. Qa4 Bb6 19. Kh2 exd5 20. Bg4 Nxg4+ 21. Qxg4 Qg6 22. Na4 Bc7 23. Nc5 f5 24. Qd4 Nxc5 25. Qxc5 Bb6 26. Qa3 Rhe8 27. Ba5 Bxa5 28. Qxa5 a6 29. Rfe1 f4 30. Qd2 fxg3+ 31. fxg3 Rxe1 32. Rxe1 Re8 33. Rf1 Qe6 34. Rf2 Kd7 35. Qb4 Kc8 36. Qd4 Kc7 37. Qg7+ Re7 38. Qc3 Kd7 39. Qb4 Kc7 40. Qa5+ Kc8 41. Qb4 Rf7 42. Rxf7 Qxf7 43. Qg4+ Kc7 44. Kg2 Qg6 45. Qd1 Qe4+ 46. Kh2 Qe3 47. Kg2 b5 48. h4 gxh4 49. gxh4 a5 50. Qh5 Qf4 51. a3 d4 52. b4 axb4 53. axb4 Qd2+ 54. Kg3 Qxb4 55. Qxh6 Qc3+ 56. Kg4 Qxc2 57. Qg7+ Kb8 58. Qxd4 Qa4 59. Qf4+ Qxf4+ 60. Kxf4 b4 61. Ke3 b3 62. Kd2 b2 1-0

[Event "Varde Weekend Grp1"]
[Site "Varde"]
[Date "2018.05.05"]
[Round "2"]
[White "Nielsen, Thomas"]
[Black "Schou Jorgensen, Jan"]
[Result "0-1"]
[WhiteElo "1636"]
[BlackElo "1717"]
[PlyCount "118"]
[EventDate "2018.05.04"]
[EventType "tourn"]
[EventRounds "5"]
[EventCountry "DEN"]
[SourceTitle "EXT 2023"]
[Source "ChessBase"]
[SourceDate "2022.10.05"]
[SourceVersion "1"]
[SourceVersionDate "2022.10.05"]
[SourceQuality "1"]

1. a3 e5 2. e4 Nf6 3. Nc3 Bc5 4. Nf3 d6 5. h3 0-0 6. Bc4 h6 7. d4 exd4 8. Nxd4 Bxd4 9. Qxd4 Nc6 10. Qd3 Ne5 11. Qe2 Nxc4 12. Qxc4 Be6 13. Qd3 Nd7 14. Bf4 a6 15. 0-0-0 Ne5 16. Qg3 Ng6 17. Be3 Qh4 18. Qh2 f5 19. g3 Qe7 20. exf5 Bxf5 21. Rhe1 Qf7 22. g4 Bd7 23. Nd5 Bc6 24. Nb4 Ne5 25. f4 Nf3 26. Qf2 Nxe1 27. Rxe1 Rae8 28. Nxc6 bxc6 29. f5 Re5 30. Bd2 Rxe1+ 31. Bxe1 Re8 32. Bc3 Qd5 33. Qf1 Qb5 34. Qf3 Qd5 35. Qf1 a5 36. Kb1 Qb5 37. Qf3 Qd5 38. Qf1 a4 39. f6 Qf7 40. Qa6 gxf6 41. Qxc6 Re3 42. Qg2 Qe6 43. Qc6 Rxh3 44. Qb7 Rg3 45. Qb8+ Kg7 46. Qxc7+ Kg6 47. Qb6 Rxg4 48. b3 Rg2 49. Qc6 Rg1+ 50. Kb2 axb3 51. Bd4 Rg4 52. Qc3 bxc2 53. Qxc2+ Qf5 54. Qa4 Rg2+ 55. Kc3 Qc8+ 56. Kd3 h5 57. Qb3 Rg3+ 58. Be3 Rxe3+ 59. Kxe3 Qh3+ 0-1

[Event "Copenhagen Challenge"]
[Site "Ballerup"]
[Date "2017.05.14"]
[Round "8"]
[White "Slettebo, Jan"]
[Black "Nielsen, Thomas"]
[Result "1-0"]
[WhiteElo "2020"]
[BlackElo "1916"]
[PlyCount "65"]
[EventDate "2017.05.10"]
[EventType "swiss"]
[EventRounds "9"]
[EventCountry "DEN"]
[SourceTitle "CBM 178 Extra"]
[Source "ChessBase"]
[SourceDate "2017.06.22"]
[SourceVersion "1"]
[SourceVersionDate "2017.06.22"]
[SourceQuality "1"]

1. e4 c6 2. d4 d5 3. f3 dxe4 4. fxe4 Nf6 5. Nc3 Bg4 6. Qd3 e6 7. h3 Bh5 8. g4 Bg6 9. Be3 Qa5 10. Bg2 Na6 11. 0-0-0 Rd8 12. Qc4 Be7 13. Nge2 Nd7 14. h4 h5 15. Nf4 Nf8 16. d5 cxd5 17. exd5 e5 18. Nxh5 Bxh5 19. gxh5 Rxh5 20. d6 Bxd6 21. Bxb7 Nc7 22. Bc6+ Ke7 23. Rxd6 Rxd6 24. Bc5 Nfe6 25. Bb4 Qb6 26. Ne4 Qe3+ 27. Kb1 Ne8 28. Bxe8 Rxh4 29. Bxd6+ Kd8 30. Bc7+ Nxc7 31. Rd1+ Ke7 32. Qxc7+ Kf8 33. Qxf7# 1-0

[Event "Copenhagen Challenge"]
[Site "Ballerup"]
[Date "2017.05.13"]
[Round "6"]
[White "Kvaloy, Aksel Bu"]
[Black "Nielsen, Thomas"]
[Result "0-1"]
[WhiteElo "1706"]
[BlackElo "1916"]
[PlyCount "72"]
[EventDate "2017.05.10"]
[EventType "swiss"]
[EventRounds "9"]
[EventCountry "DEN"]
[SourceTitle "CBM 178 Extra"]
[Source "ChessBase"]
[SourceDate "2017.06.22"]
[SourceVersion "1"]
[SourceVersionDate "2017.06.22"]
[SourceQuality "1"]

1. d4 Nf6 2. Nf3 e6 3. e3 c5 4. Bd3 d5 5. b3 Nc6 6. 0-0 cxd4 7. exd4 Bd6 8. Bb2 0-0 9. a3 Bd7 10. Kh1 Rc8 11. Ne5 Qc7 12. f4 Ne4 13. Nd2 Nxd2 14. Qxd2 f6 15. Nxc6 Bxc6 16. Rae1 Rce8 17. h3 Re7 18. Qf2 g5 19. g3 Rff7 20. c4 dxc4+ 21. Be4 cxb3 22. Bxc6 Qxc6+ 23. Kh2 Qd5 24. Qe3 gxf4 25. gxf4 Rg7 26. Rg1 Rxg1 27. Rxg1+ Rg7 28. Rxg7+ Kxg7 29. Qg3+ Kf7 30. Qc3 Bxf4+ 31. Kg1 Qg5+ 32. Kf1 Qg3 33. Qc8 Qf3+ 34. Ke1 Qe3+ 35. Kf1 Qd3+ 36. Kf2 Qc2+ 0-1

[Event "Copenhagen Challenge"]
[Site "Ballerup"]
[Date "2017.05.12"]
[Round "5"]
[White "Nielsen, Thomas"]
[Black "Larsen, Preben R"]
[Result "0-1"]
[WhiteElo "1916"]
[BlackElo "1841"]
[PlyCount "58"]
[EventDate "2017.05.10"]
[EventType "swiss"]
[EventRounds "9"]
[EventCountry "DEN"]
[SourceTitle "CBM 178 Extra"]
[Source "ChessBase"]
[SourceDate "2017.06.22"]
[SourceVersion "1"]
[SourceVersionDate "2017.06.22"]
[SourceQuality "1"]

1. d4 d5 2. c4 dxc4 3. Nf3 c6 4. Nc3 e6 5. e4 b5 6. Be2 Bb7 7. a4 a6 8. 0-0 Nf6 9. Bg5 Be7 10. e5 Nd5 11. Bxe7 Nxc3 12. bxc3 Qxe7 13. Nd2 c5 14. Bf3 Ra7 15. axb5 Bxf3 16. Qxf3 axb5 17. Ne4 0-0 18. Nf6+ Kh8 19. Qe4 gxf6 20. exf6 Qb7 21. Qh4 Rxa1 22. Rxa1 Rg8 23. g3 cxd4 24. cxd4 Nd7 25. Re1 Qf3 26. Rb1 Nxf6 27. Rxb5 Ne4 28. Rh5 Qxf2+ 29. Kh1 Qf1# 0-1

[Event "Copenhagen Bronshoj op"]
[Site "Copenhagen"]
[Date "2017.02.12"]
[Round "3"]
[White "Eiholt, Bjarne"]
[Black "Nielsen, Thomas"]
[Result "0-1"]
[WhiteElo "1589"]
[BlackElo "1922"]
[PlyCount "54"]
[EventDate "2017.02.10"]
[EventType "swiss"]
[EventRounds "7"]
[EventCountry "DEN"]
[SourceTitle "CBM 176 Extra"]
[Source "ChessBase"]
[SourceDate "2017.03.02"]
[SourceVersion "1"]
[SourceVersionDate "2017.03.02"]
[SourceQuality "1"]

1. d4 d5 2. c4 e6 3. Nc3 c5 4. cxd5 exd5 5. dxc5 d4 6. Ne4 Na6 7. Nf3 Nxc5 8. Nxc5 Bxc5 9. g3 Nf6 10. Bg2 Qa5+ 11. Nd2 0-0 12. 0-0 Bb6 13. Nc4 Qb4 14. Nxb6 Qxb6 15. b3 Bg4 16. Bb2 Rad8 17. Qd3 Rfe8 18. Rfe1 Rd7 19. Rac1 Bh5 20. Bh3 Rdd8 21. Rc4 Qa5 22. b4 Qxa2 23. Bxd4 Bxe2 24. Rc2 Bxd3 25. Rxe8+ Rxe8 26. Rxa2 Re1+ 27. Kg2 Bf1+ 0-1

[Event "Helsingor Xtracon op"]
[Site "Helsingor"]
[Date "2016.07.27"]
[Round "6"]
[White "Nielsen, Thomas"]
[Black "Christiansen, Torsten Sundgaar"]
[Result "1-0"]
[WhiteElo "1906"]
[BlackElo "1708"]
[PlyCount "99"]
[EventDate "2016.07.23"]
[EventType "swiss"]
[EventRounds "10"]
[EventCountry "DEN"]
[SourceTitle "CBM 173 Extra"]
[Source "ChessBase"]
[SourceDate "2016.08.29"]
[SourceVersion "1"]
[SourceVersionDate "2016.08.29"]
[SourceQuality "1"]

1. d4 d5 2. c4 c6 3. Nc3 f5 4. Nh3 Nf6 5. f3 dxc4 6. a4 Be6 7. Ng5 Bg8 8. e4 h6 9. Nh3 Qd7 10. e5 Nd5 11. f4 b5 12. Be2 g6 13. 0-0 b4 14. Nb1 Nc7 15. Be3 a5 16. Qc2 Nd5 17. Bf2 b3 18. Qc1 Nb4 19. Na3 Bd5 20. Bxc4 e6 21. Qc3 N8a6 22. Bxb3 Bxb3 23. Qxb3 Qd5 24. Qg3 Kf7 25. Rac1 Be7 26. Nc4 Rab8 27. b3 Rhc8 28. Rfd1 Na2 29. Rc2 N6b4 30. Re2 Rc7 31. Be1 c5 32. Nxa5 cxd4 33. Nc4 d3 34. Rb2 Rxc4 35. bxc4 Qxc4 36. Nf2 Qd4 37. Rb3 Rd8 38. Kh1 Nc1 39. Rxc1 d2 40. Bxd2 Qxd2 41. Qe3 Qxe3 42. Rxe3 Rd2 43. Rf3 Nc2 44. Rd1 Re2 45. Nd3 Nd4 46. Rf2 Re3 47. Rb2 Bd8 48. g3 g5 49. Nc5 Nc6 50. Rd6 1-0